000 00564nam a22001817a 4500
008 150521b xxu||||| |||| 00| 0 eng d
020 _a9780071605526
041 0 _aeng
080 _a004.273
100 1 _aRoshen, Waseem,
245 1 0 _aSOA-based enterprise integration
_cWaseem Roshen.
260 _aNew York :
_bMcGraw-Hill,
_cc2009.
300 _a364 f.:
_bme il.;
_c24 cm.
650 0 _aKompjuterët
650 0 _aSoftware
650 0 _aArchitecture
942 _2udc
_cBK
999 _c887
_d887